000 00741nam a2200241 a 4500
008
020 _a0195142527 (pbk.)
049 _aMAIN
090 _aTK7874
_bSED
100 1 _aSedra, Adel S.
245 1 0 _aMicroelectronic circuits /
_cAdel S. Sedra and Kenneth C. Smith.
250 _a5th ed.
260 _aNew York :
_bOxford University Press,
_c2004.
300 _axxx, 1283 [76] p. :
_b col ill. ;
_c26 cm.
440 4 _aThe Oxford series in electrical and computer engineering.
650 _aMicroelectronic.
700 1 _aSmith, Kenneth Carless.
907 _a.b10284412
_b06-10-10
_c28-09-10
003
005 20230123125050.0
040 _cNUST
942 _cBOOKS
_kTK7874
_mSED
999 _c135104
_d135104